Folk Heritage of Pakistan : Glimpses into A Diverse Culture (Record no. 587607)
[ view plain ]
| 000 -LEADER | |
|---|---|
| fixed length control field | 00389nam a22001337a 4500 |
| 020 ## - INTERNATIONAL STANDARD BOOK NUMBER | |
| International Standard Book Number | 9789694680231 |
| 040 ## - CATALOGING SOURCE | |
| Transcribing agency | NUST |
| 082 ## - DEWEY DECIMAL CLASSIFICATION NUMBER | |
| Classification number | 398 095491 FOL |
| 100 ## - MAIN ENTRY--PERSONAL NAME | |
| Personal name | Fouzia Saeed |
| 9 (RLIN) | 88379 |
| 245 ## - TITLE STATEMENT | |
| Title | Folk Heritage of Pakistan : Glimpses into A Diverse Culture |
| 260 ## - PUBLICATION, DISTRIBUTION, ETC. | |
| Place of publication, distribution, etc. | Islamabad; |
| Name of publisher, distributor, etc. | Lok Virsa, |
| Date of publication, distribution, etc. | 2018. |
| 650 ## - SUBJECT ADDED ENTRY--TOPICAL TERM | |
| Topical term or geographic name entry element | Pakistan -- Civilization -- Pictorial works. |
| 9 (RLIN) | 88494 |
| 942 ## - ADDED ENTRY ELEMENTS (KOHA) | |
| Source of classification or shelving scheme | |
| Koha item type | Book |
| Withdrawn status | Lost status | Source of classification or shelving scheme | Damaged status | Not for loan | Permanent Location | Current Location | Shelving location | Date acquired | Total Checkouts | Full call number | Barcode | Date last seen | Price effective from | Koha item type |
|---|---|---|---|---|---|---|---|---|---|---|---|---|---|---|
| College of Electrical & Mechanical Engineering (CEME) | College of Electrical & Mechanical Engineering (CEME) | General Stacks | 01/14/2022 | 398 095491 FOL | CEME-50632 | 01/14/2022 | 01/14/2022 | Book |
